书目信息 |
| 题名: |
工程力学
|
|
| 作者: | 王振发 主编 | |
| 分册: | ||
| 出版信息: | 北京 科学出版社 2003.02 |
|
| 页数: | 399页 | |
| 开本: | 23cm | |
| 丛书名: | 21世纪高等院校教材 | |
| 单 册: | ||
| 中图分类: | TB12 | |
| 科图分类: | ||
| 主题词: | 工程力学 | |
| 电子资源: | ||
| ISBN: | 7-03-008768-2 | |
| 000 | 00599nam0 2200217 45 | |
| 001 | 0333923326 | |
| 005 | 20080617100658.45 | |
| 010 | @a7-03-008768-2@dCNY 29.00 | |
| 100 | @a20030325d2003 km y0chiy0120 ea | |
| 101 | 0 | @achi |
| 102 | @aCN@b110000 | |
| 200 | 1 | @a工程力学@Agong cheng li xue@f王振发主编@FWang Zhen Fa Zhu Bian |
| 210 | @a北京@c科学出版社@d2003.02 | |
| 215 | @a399页@d23cm | |
| 225 | 2 | @a21世纪高等院校教材 |
| 410 | 0 | @12001 @a21世纪高等院校教材 |
| 606 | 0 | @a工程力学 |
| 690 | @aTB12@v3 | |
| 701 | 0 | @a王振发@AWang Zhen Fa@4主编 |
| 801 | 0 | @aCN@bPFT@c20080617 |
| 905 | @dTB12@eW461 | |
| 工程力学/王振发主编.-北京:科学出版社,2003.02 |
| 399页;23cm.-(21世纪高等院校教材) |
| ISBN 7-03-008768-2:CNY 29.00 |
| ● |
| 相关链接 |
|
|
|
正题名:工程力学
索取号:TB12/W461
 
预约/预借
| 序号 | 登录号 | 条形码 | 馆藏地/架位号 | 状态 | 备注 |
| 1 | 452551 | 204525512 | 自科库501/501自科库 3排1列5层/ [索取号:TB12/W461] | 在馆 |